[Event "34th European Club Cup 2018"]
[Site "Halkidiki"]
[Date "2018.10.16"]
[Round "5"]
[White "Fedoseev, Vladimir"]
[Black "Brunner, Lucas"]
[Result "1-0"]
[WhiteElo "2713"]
[BlackElo "2457"]
[Annotator "TA"]
[PlyCount "95"]
[EventDate "2018.10.12"]
[EventType "team-tourn"]
[EventCountry "GRE"]
[SourceTitle "playchess.com"]
[Source "ChessBase"]
[SourceQuality "1"]
[WhiteTeam "St.Petersburg"]
[BlackTeam "Zurich"]

1. e4 c6 2. Nf3 d5 3. Nc3 Bg4 4. h3 Bh5 5. exd5 cxd5 6. Bb5+ Nc6 7. g4 Bg6 8. Ne5 Rc8 9. d4 e6 10. h4 f6 11. Nxg6 hxg6 12. g5 Bb4 13. Bd2 Nge7 14. h5 Kd7 15. Na4 Bd6 16. Nc5+ Bxc5 17. dxc5 Rxh5 18. Rxh5 gxh5 19. Qxh5 Qh8 20. Qf3 Nf5 21. O-O-O Nfd4 22. Qd3 Nxb5 23. Qxb5 Kc7 24. Qd3 Kb8 25. Re1 Ne5 26. Bf4 Rxc5 27. Qd4 Qc8 28. Bxe5+ fxe5 29. Qxe5+ Ka8 30. c3 d4 31. Qxd4 Rxg5 32. Rxe6 a5 33. Rd6 Qc5 34. Kd2 Qxd4+ 35. Rxd4 Kb8 36. Rd7 Ka7 37. Ke3 Kb6 38. f4 Rb5 39. Rxg7 Rxb2 40. f5 Rc2 41. f6 Rxc3+ 42. Ke4 Rc1 43. Rg3 Rc8 44. Rb3+ Ka6 45. a4 b5 46. Rxb5 Rc4+ 47. Ke5 Rxa4 48. Rb8 1-0

[Event "34th European Club Cup 2018"]
[Site "Halkidiki"]
[Date "2018.10.16"]
[Round "5"]
[White "Mamedov, Rauf"]
[Black "Grandelius, Nils"]
[Result "1/2-1/2"]
[WhiteElo "2699"]
[BlackElo "2655"]
[Annotator "TA"]
[PlyCount "61"]
[EventDate "2018.10.12"]
[EventType "team-tourn"]
[EventCountry "GRE"]
[SourceTitle "playchess.com"]
[Source "ChessBase"]
[SourceQuality "1"]
[WhiteTeam "Odlar Yurdu"]
[BlackTeam "Valerenga"]

1. e4 e5 2. Nc3 Nf6 3. g3 d5 4. exd5 Nxd5 5. Bg2 Nxc3 6. bxc3 Nc6 7. Nf3 Bd6 8. O-O O-O 9. d4 h6 10. Re1 Qf6 11. Nd2 Bf5 12. Ne4 Qg6 13. h4 h5 14. Rb1 Rab8 15. Bf3 Bg4 16. Bxg4 Qxg4 17. Qd3 exd4 18. Ng5 g6 19. Re4 Ne5 20. Qxd4 Qxg5 21. Bxg5 Nf3+ 22. Kg2 Nxd4 23. cxd4 f6 24. Bh6 Rfd8 25. c4 b6 26. Rbe1 Kf7 27. R1e2 Re8 28. Rxe8 Rxe8 29. Rxe8 Kxe8 30. Kf3 Kd7 31. Ke4 1/2-1/2

[Event "34th European Club Cup 2018"]
[Site "Halkidiki"]
[Date "2018.10.16"]
[Round "5"]
[White "Kryvoruchko, Yuriy"]
[Black "Brunello, Sabino"]
[Result "1-0"]
[WhiteElo "2697"]
[BlackElo "2548"]
[Annotator "TA"]
[PlyCount "71"]
[EventDate "2018.10.12"]
[EventType "team-tourn"]
[EventCountry "GRE"]
[SourceTitle "playchess.com"]
[Source "ChessBase"]
[SourceQuality "1"]
[WhiteTeam "Alkaloid"]
[BlackTeam "Padova"]

1. e4 e5 2. Nf3 Nc6 3. Bb5 a6 4. Ba4 Nf6 5. O-O Be7 6. d3 d6 7. c3 O-O 8. Re1 b5 9. Bc2 Re8 10. Nbd2 Bf8 11. Nf1 h6 12. Ng3 d5 13. exd5 Nxd5 14. Bd2 Nf6 15. b4 a5 16. a3 axb4 17. axb4 Rxa1 18. Qxa1 Bg4 19. Qd1 Qd5 20. Ne4 Nxe4 21. dxe4 Qd6 22. Be3 Qxd1 23. Bxd1 Nb8 24. Be2 c6 25. h3 Be6 26. Nxe5 Bc8 27. Nd3 Rxe4 28. Bf3 Re8 29. Ra1 Bf5 30. Nc5 Bd6 31. Ra8 Kh7 32. g4 Bc8 33. Kg2 f5 34. Nd3 fxg4 35. hxg4 g5 36. Bc5 1-0

[Event "34th European Club Cup 2018"]
[Site "Halkidiki"]
[Date "2018.10.16"]
[Round "5"]
[White "Ragger, Markus"]
[Black "Mikhalevski, Victor"]
[Result "1/2-1/2"]
[WhiteElo "2690"]
[BlackElo "2565"]
[Annotator "TA"]
[PlyCount "159"]
[EventDate "2018.10.12"]
[EventType "team-tourn"]
[EventCountry "GRE"]
[SourceTitle "playchess.com"]
[Source "ChessBase"]
[SourceQuality "1"]
[WhiteTeam "Novy Bor"]
[BlackTeam "Beer Sheva"]

1. e4 e5 2. Nf3 Nc6 3. Bc4 Bc5 4. c3 Nf6 5. d3 O-O 6. O-O d5 7. exd5 Nxd5 8. a4 a5 9. Re1 Bg4 10. Nbd2 Nb6 11. Bb5 Bd6 12. Ne4 Na7 13. h3 Bh5 14. d4 Nxb5 15. axb5 f6 16. Be3 Nc4 17. Qa4 Bf7 18. dxe5 Bxe5 19. Nxe5 Nxe5 20. Rad1 Qc8 21. b3 Rd8 22. Rxd8+ Qxd8 23. Bd4 Qd5 24. Bxe5 Qxe5 25. Re3 b6 26. Ng3 Qd5 27. Qg4 Rd8 28. Kh2 h5 29. Qf4 Qd6 30. Qxd6 cxd6 31. Re7 Bxb3 32. Ra7 Be6 33. Ra6 Rb8 34. Ra7 h4 35. Ne2 Bd5 36. Nd4 Rb7 37. Ra6 Bc4 38. g3 hxg3+ 39. Kxg3 Kf7 40. h4 d5 41. Kf4 Kg6 42. Kg4 Bd3 43. f3 Kh6 44. h5 Rc7 45. Rxb6 Rxc3 46. Rd6 a4 47. b6 Rc4 48. Rxd5 Rb4 49. Rd8 g6 50. hxg6 a3 51. Kf4 a2 52. Ra8 Rxd4+ 53. Ke3 Rd7 54. b7 Rxb7 55. Kxd3 Rb2 56. Ke4 Kxg6 57. Kf4 Rb4+ 58. Kg3 Rb2 59. Kf4 Kf7 60. Kf5 Rb5+ 61. Kf4 Rb2 62. Kf5 Ke7 63. Ra7+ Kd6 64. Kxf6 Rf2 65. Kg5 Rg2+ 66. Kf6 Rf2 67. Kg5 Rg2+ 68. Kf6 Kc5 69. f4 Kb4 70. f5 Rc2 71. Kg6 Rg2+ 72. Kh6 Rh2+ 73. Kg6 Rg2+ 74. Kh6 Rf2 75. Kg6 Kb3 76. f6 Kb2 77. f7 a1=Q 78. Rxa1 Kxa1 79. Kg7 Rxf7+ 80. Kxf7 1/2-1/2

[Event "34th European Club Cup 2018"]
[Site "Halkidiki"]
[Date "2018.10.16"]
[Round "5"]
[White "Howell, David W L"]
[Black "Naiditsch, Arkadij"]
[Result "1/2-1/2"]
[WhiteElo "2689"]
[BlackElo "2721"]
[Annotator "TA"]
[PlyCount "104"]
[EventDate "2018.10.12"]
[EventType "team-tourn"]
[EventCountry "GRE"]
[SourceTitle "playchess.com"]
[Source "ChessBase"]
[SourceQuality "1"]
[WhiteTeam "Valerenga"]
[BlackTeam "Odlar Yurdu"]

1. Nf3 Nf6 2. c4 g6 3. Nc3 Bg7 4. g3 O-O 5. Bg2 d6 6. d4 c6 7. O-O Bf5 8. Ne1 Be6 9. b3 d5 10. Nd3 dxc4 11. Nf4 Qc8 12. Ba3 Re8 13. Nxe6 Qxe6 14. Rb1 Na6 15. d5 cxd5 16. bxc4 d4 17. Qxd4 Nd7 18. Qd2 Nb6 19. Bxb7 Nxc4 20. Qc1 Rab8 21. Nd5 Rxb7 22. Qxc4 Rd7 23. Rfd1 Bf8 24. Rd4 Red8 25. Rbd1 Rxd5 26. Rxd5 Nc7 27. e4 Nxd5 28. exd5 Qf5 29. Bb2 e5 30. Qc7 Rd6 31. Qc4 Qf3 32. Qd3 Qxd3 33. Rxd3 f6 34. Ba3 Rd7 35. Bxf8 Kxf8 36. Ra3 f5 37. Ra6 e4 38. h4 Kg7 39. Kf1 Kh6 40. Ke2 Kh5 41. f3 exf3+ 42. Kxf3 Rxd5 43. Rxa7 h6 44. Ra4 g5 45. hxg5 hxg5 46. g4+ fxg4+ 47. Rxg4 Rd3+ 48. Ke2 Ra3 49. Rb4 g4 50. Kf2 Kh4 51. Kg1 Rxa2 52. Rb3 Ra1+ 1/2-1/2

[Event "34th European Club Cup 2018"]
[Site "Halkidiki"]
[Date "2018.10.16"]
[Round "5"]
[White "Rodshtein, Maxim"]
[Black "Rosenthal, Jonathan"]
[Result "1/2-1/2"]
[WhiteElo "2674"]
[BlackElo "2315"]
[Annotator "TA"]
[PlyCount "82"]
[EventDate "2018.10.12"]
[EventType "team-tourn"]
[EventCountry "GRE"]
[SourceTitle "playchess.com"]
[Source "ChessBase"]
[SourceQuality "1"]
[WhiteTeam "St.Petersburg"]
[BlackTeam "Zurich"]

1. d4 d5 2. c4 c6 3. Nf3 Nf6 4. e3 Bf5 5. Nc3 e6 6. Nh4 Be4 7. f3 Bg6 8. Qb3 Qc7 9. Bd2 Be7 10. g3 Nbd7 11. Rc1 dxc4 12. Bxc4 O-O 13. O-O e5 14. Nxg6 hxg6 15. Qc2 Rad8 16. Bb3 exd4 17. exd4 Nb6 18. Qxg6 Qd7 19. Ne2 c5 20. Qd3 cxd4 21. Nf4 Rfe8 22. Rfe1 Bf8 23. Ng6 Bd6 24. Rxe8+ Rxe8 25. Nh4 Nbd5 26. Re1 Rxe1+ 27. Bxe1 Bc5 28. a3 Bb6 29. Ng2 Qc6 30. Qc4 Qe8 31. Kf1 Ne3+ 32. Nxe3 Qxe3 33. Qxf7+ Kh7 34. Bd5 d3 35. Be4+ Kh8 36. Qf8+ Ng8 37. Kg2 Qxe1 38. Bd5 Qd2+ 39. Kh1 Qd1+ 40. Kg2 Qd2+ 41. Kh1 Qe1+ 1/2-1/2

[Event "34th European Club Cup 2018"]
[Site "Halkidiki"]
[Date "2018.10.16"]
[Round "5"]
[White "Guseinov, Gadir"]
[Black "Predojevic, Borki"]
[Result "0-1"]
[WhiteElo "2667"]
[BlackElo "2616"]
[Annotator "TA"]
[PlyCount "138"]
[EventDate "2018.10.12"]
[EventType "team-tourn"]
[EventCountry "GRE"]
[SourceTitle "playchess.com"]
[Source "ChessBase"]
[SourceQuality "1"]
[WhiteTeam "Odlar Yurdu"]
[BlackTeam "Valerenga"]

1. e4 e6 2. d4 d5 3. Nd2 c5 4. Ngf3 cxd4 5. exd5 Qxd5 6. Bc4 Qd8 7. O-O Nc6 8. Nb3 a6 9. Nbxd4 Nxd4 10. Nxd4 Qc7 11. Bd3 Bd6 12. Qh5 Nf6 13. Qh4 Bd7 14. Rb1 h6 15. b4 Be5 16. Nf3 Bc6 17. Nxe5 Qxe5 18. Bb2 Qg5 19. Qxg5 hxg5 20. f4 Ng4 21. h3 Ne3 22. fxg5 Nxf1 23. Rxf1 Rh5 24. Bc1 Rd8 25. Be2 Rh4 26. Bg4 Rd4 27. g3 Rdxg4 28. hxg4 Rh1+ 29. Kf2 Rh2+ 30. Ke3 Rxc2 31. Bd2 Rxa2 32. Bc3 Ra3 33. Kd2 Ra2+ 34. Ke3 Rg2 35. Be5 Bb5 36. Rh1 Re2+ 37. Kd4 Bc6 38. Rh8+ Kd7 39. Bxg7 Re4+ 40. Kc3 Rxg4 41. Bf6 Rxg3+ 42. Kd4 Rg4+ 43. Kc5 e5 44. Bxe5 Rxg5 45. Kd4 Rg4+ 46. Kc5 Ke6 47. Bc7 Rg5+ 48. Kd4 Rd5+ 49. Ke3 Bb5 50. Rh6+ f6 51. Bb6 Rd3+ 52. Ke4 Rb3 53. Bc5 Bc6+ 54. Kd4 Rg3 55. Rh4 Kf5 56. Rh5+ Kg6 57. Rh8 Rg4+ 58. Kd3 Kf7 59. Rh7+ Ke6 60. Rh6 Ke5 61. Be7 f5 62. Bf6+ Kd5 63. Rh4 Rg3+ 64. Kd2 Ke6 65. Rh6 Rg4 66. Bd8+ Kd5 67. Rh4 Kc4 68. Rxg4+ fxg4 69. Be7 g3 0-1

[Event "34th European Club Cup 2018"]
[Site "Halkidiki"]
[Date "2018.10.16"]
[Round "5"]
[White "Paravyan, David"]
[Black "Burg, Twan"]
[Result "1/2-1/2"]
[WhiteElo "2629"]
[BlackElo "2517"]
[Annotator "TA"]
[PlyCount "107"]
[EventDate "2018.10.12"]
[EventType "team-tourn"]
[EventCountry "GRE"]
[SourceTitle "playchess.com"]
[Source "ChessBase"]
[SourceQuality "1"]
[WhiteTeam "Molodezhka"]
[BlackTeam "Echiquier Amaytois"]

1. e4 e5 2. Nf3 Nf6 3. Nxe5 d6 4. Nf3 Nxe4 5. Nc3 Nxc3 6. dxc3 Be7 7. Be3 O-O 8. Qd2 Nd7 9. O-O-O c6 10. h4 Re8 11. Kb1 d5 12. Bd3 Bc5 13. Bg5 f6 14. Bf4 Ne5 15. Bxe5 fxe5 16. Ng5 h6 17. Bh7+ Kf8 18. Ne4 Qe7 19. Nxc5 Qxc5 20. Rhe1 Qc4 21. Bg6 Re6 22. h5 Qg4 23. c4 Qxc4 24. f4 e4 25. f5 Rf6 26. g4 Bd7 27. Qh2 Qb4 28. Qc7 Be8 29. g5 Qd6 30. Qxb7 Rb8 31. Qxa7 hxg5 32. b3 Bd7 33. Rh1 Bxf5 34. Rdf1 Bd7 35. h6 Kg8 36. hxg7 Rxf1+ 37. Rxf1 Kxg7 38. Bh5 Rf8 39. Rg1 Kh6 40. Rh1 Kg7 41. Bg4 Rf7 42. Qd4+ Rf6 43. Qa7 Rf7 44. Qd4+ Rf6 45. Bxd7 Qxd7 46. Qe5 Kg6 47. a4 Qf7 48. a5 Rf1+ 49. Rxf1 Qxf1+ 50. Ka2 g4 51. Qe6+ Kg5 52. Qe5+ Kg6 53. Qe6+ Kg5 54. Qe5+ 1/2-1/2

[Event "34th European Club Cup 2018"]
[Site "Halkidiki"]
[Date "2018.10.16"]
[Round "5"]
[White "Tari, Aryan"]
[Black "Safarli, Eltaj"]
[Result "1/2-1/2"]
[WhiteElo "2618"]
[BlackElo "2676"]
[Annotator "TA"]
[PlyCount "61"]
[EventDate "2018.10.12"]
[EventType "team-tourn"]
[EventCountry "GRE"]
[SourceTitle "playchess.com"]
[Source "ChessBase"]
[SourceQuality "1"]
[WhiteTeam "Valerenga"]
[BlackTeam "Odlar Yurdu"]

1. e4 c5 2. Nf3 Nc6 3. Bb5 d6 4. O-O Bd7 5. Re1 Nf6 6. c3 a6 7. Bf1 Bg4 8. h3 Bxf3 9. Qxf3 e6 10. Qg3 g6 11. d3 Bg7 12. Bg5 h6 13. Be3 O-O 14. Be2 c4 15. Nd2 cxd3 16. Bxd3 b5 17. Rad1 Qb8 18. Nf3 Re8 19. Bf4 Nh5 20. Bxd6 Nxg3 21. Bxb8 Rexb8 22. fxg3 Ne5 23. Kf2 b4 24. cxb4 Nxf3 25. gxf3 Bxb2 26. Re2 Rxb4 27. Rc2 a5 28. Rc4 Bd4+ 29. Ke2 g5 30. f4 Rab8 31. Rdc1 1/2-1/2

[Event "34th European Club Cup 2018"]
[Site "Halkidiki"]
[Date "2018.10.16"]
[Round "5"]
[White "Romanov, Evgeny"]
[Black "Durarbayli, Vasif"]
[Result "1/2-1/2"]
[WhiteElo "2614"]
[BlackElo "2629"]
[Annotator "TA"]
[PlyCount "99"]
[EventDate "2018.10.12"]
[EventType "team-tourn"]
[EventCountry "GRE"]
[SourceTitle "playchess.com"]
[Source "ChessBase"]
[SourceQuality "1"]
[WhiteTeam "Valerenga"]
[BlackTeam "Odlar Yurdu"]

1. c4 c6 2. d4 d5 3. cxd5 cxd5 4. Bf4 Nc6 5. e3 Nf6 6. Nc3 Bf5 7. Qb3 Na5 8. Bb5+ Bd7 9. Bxd7+ Qxd7 10. Qb5 Nc6 11. Nf3 e6 12. Rc1 Be7 13. O-O Rc8 14. h3 a6 15. Qd3 O-O 16. Ne5 Qe8 17. a3 Nxe5 18. dxe5 Nd7 19. e4 dxe4 20. Nxe4 Nc5 21. Nxc5 Bxc5 22. b4 Ba7 23. Qg3 Kh8 24. Be3 Bxe3 25. Qxe3 Qb5 26. Rfd1 h6 27. f4 Kg8 28. Kh2 a5 29. Qe4 axb4 30. axb4 g6 31. Rc5 Rxc5 32. bxc5 h5 33. Rb1 Qxc5 34. Rxb7 Rd8 35. Rb1 Qf2 36. Qf3 Qxf3 37. gxf3 h4 38. Rg1 Rd2+ 39. Rg2 Rd3 40. Rg4 Rxf3 41. Rxh4 Kf8 42. Kg2 Re3 43. Kf2 Ra3 44. Kg2 Kg7 45. Rg4 Re3 46. Rg3 Re4 47. Kf3 Ra4 48. Kg4 f6 49. exf6+ Kxf6 50. Kf3 1/2-1/2

[Event "34th European Club Cup 2018"]
[Site "Halkidiki"]
[Date "2018.10.16"]
[Round "5"]
[White "Donchenko, Alexander"]
[Black "Pijpers, Arthur"]
[Result "1-0"]
[WhiteElo "2610"]
[BlackElo "2465"]
[Annotator "TA"]
[PlyCount "83"]
[EventDate "2018.10.12"]
[EventType "team-tourn"]
[EventCountry "GRE"]
[SourceTitle "playchess.com"]
[Source "ChessBase"]
[SourceQuality "1"]
[WhiteTeam "Aachen"]
[BlackTeam "Leiden"]

1. Nf3 Nf6 2. g3 g6 3. Bg2 Bg7 4. c4 O-O 5. Nc3 d6 6. d4 c6 7. O-O Bf5 8. Ne1 d5 9. b3 Ne4 10. Bb2 Nxc3 11. Bxc3 Qb6 12. e3 dxc4 13. bxc4 Qa6 14. Qb3 Bg4 15. Nf3 Nd7 16. Rfc1 c5 17. h3 Bxf3 18. Bxf3 Rab8 19. Rab1 e5 20. dxe5 Nxe5 21. Bxe5 Bxe5 22. Bxb7 Qe6 23. Kg2 Rfd8 24. Rd1 Rxd1 25. Rxd1 Qe7 26. Rb1 h5 27. h4 a6 28. Qb6 Qd6 29. Qa7 Qd3 30. Rb3 Qxc4 31. e4 Rf8 32. Bd5 Qd4 33. Rb7 c4 34. Qxa6 Bg7 35. Qxc4 Qxc4 36. Bxc4 Bd4 37. Rd7 Bc5 38. a4 Bb4 39. Bd5 Bc3 40. Rc7 Bb4 41. Ra7 Bc5 42. Rb7 1-0

[Event "34th European Club Cup 2018"]
[Site "Halkidiki"]
[Date "2018.10.16"]
[Round "5"]
[White "Indjic, Aleksandar"]
[Black "Edouard, Romain"]
[Result "1/2-1/2"]
[WhiteElo "2604"]
[BlackElo "2646"]
[Annotator "TA"]
[PlyCount "96"]
[EventDate "2018.10.12"]
[EventType "team-tourn"]
[EventCountry "GRE"]
[SourceTitle "playchess.com"]
[Source "ChessBase"]
[SourceQuality "1"]
[WhiteTeam "Itaka"]
[BlackTeam "KGSRL"]

1. d4 d5 2. Nf3 Nf6 3. c4 dxc4 4. e3 e6 5. Bxc4 c5 6. O-O a6 7. dxc5 Qxd1 8. Rxd1 Bxc5 9. Nbd2 b6 10. Be2 Bb7 11. Nc4 Nbd7 12. Nce5 Nxe5 13. Nxe5 O-O 14. b3 Rfd8 15. Bb2 Kf8 16. Bf3 Bxf3 17. Nxf3 Ke8 18. Kf1 Rxd1+ 19. Rxd1 a5 20. a3 Ne4 21. Rc1 g6 22. Ke2 Nd6 23. Ne5 Nb5 24. a4 Nd6 25. Nd3 Nb7 26. Nxc5 Nxc5 27. Ba3 Rc8 28. b4 axb4 29. Bxb4 Ra8 30. a5 Nd7 31. axb6 Nxb6 32. e4 Ra4 33. Rb1 f5 34. exf5 gxf5 35. Bc3 Ra2+ 36. Kf1 Nd5 37. Be5 Ra7 38. Rb3 Kf8 39. Rh3 Kg8 40. Rg3+ Kf8 41. h4 Ra4 42. h5 Re4 43. Bd6+ Kf7 44. Ra3 Rh4 45. Ra7+ Kg8 46. Ra8+ Kf7 47. Ra7+ Kg8 48. Ra8+ Kf7 1/2-1/2

[Event "34th European Club Cup 2018"]
[Site "Halkidiki"]
[Date "2018.10.16"]
[Round "5"]
[White "Svetushkin, Dmitry"]
[Black "Demuth, Adrien"]
[Result "1-0"]
[WhiteElo "2592"]
[BlackElo "2529"]
[Annotator "TA"]
[PlyCount "73"]
[EventDate "2018.10.12"]
[EventType "team-tourn"]
[EventCountry "GRE"]
[SourceTitle "playchess.com"]
[Source "ChessBase"]
[SourceQuality "1"]
[WhiteTeam "Itaka"]
[BlackTeam "KGSRL"]

1. e4 e5 2. Nf3 Nc6 3. Bb5 g6 4. c3 a6 5. Ba4 Bg7 6. d4 exd4 7. cxd4 b5 8. Bc2 d6 9. d5 Na5 10. Nbd2 c6 11. O-O Ne7 12. Rb1 cxd5 13. exd5 O-O 14. b4 Nc4 15. Nxc4 bxc4 16. Bg5 h6 17. Bxe7 Qxe7 18. Nd4 Qg5 19. Nc6 Re8 20. f4 Qf6 21. a4 Qc3 22. Rc1 Bd7 23. Kh1 Bxc6 24. dxc6 Qxb4 25. f5 Qc5 26. f6 d5 27. fxg7 Qxc6 28. Qd4 Qd6 29. Rcd1 Rad8 30. h3 Qe5 31. Bxg6 Qxd4 32. Bxf7+ Kxg7 33. Rxd4 Rf8 34. Rg4+ Kh8 35. Rf6 Kh7 36. Bg6+ Kh8 37. Rxa6 1-0

[Event "34th European Club Cup 2018"]
[Site "Halkidiki"]
[Date "2018.10.16"]
[Round "5"]
[White "Ivanisevic, Ivan"]
[Black "Milosevic, Milos"]
[Result "1-0"]
[WhiteElo "2583"]
[BlackElo "2306"]
[Annotator "TA"]
[PlyCount "55"]
[EventDate "2018.10.12"]
[EventType "team-tourn"]
[EventCountry "GRE"]
[SourceTitle "playchess.com"]
[Source "ChessBase"]
[SourceQuality "1"]
[WhiteTeam "Sloven Ruma"]
[BlackTeam "Partizan"]

1. d4 Nf6 2. c4 e6 3. Nf3 b6 4. Bf4 Bb7 5. e3 Be7 6. Nc3 O-O 7. Bd3 d5 8. cxd5 exd5 9. Ne5 c5 10. O-O Nbd7 11. Qf3 a6 12. Rad1 b5 13. Bf5 Nb6 14. dxc5 Bxc5 15. Ne2 Re8 16. Nd4 Bd6 17. Nd3 Bxf4 18. Qxf4 Nc4 19. b3 Nd6 20. Rc1 g6 21. Nc5 Nfe4 22. Bxe4 dxe4 23. Rfd1 Rc8 24. Ne2 Rxc5 25. Rxc5 Re6 26. Re5 Rf6 27. Re8+ Qxe8 28. Qxf6 1-0

[Event "34th European Club Cup 2018"]
[Site "Halkidiki"]
[Date "2018.10.16"]
[Round "5"]
[White "Sokolov, Ivan"]
[Black "Ivic, Velimir"]
[Result "1-0"]
[WhiteElo "2573"]
[BlackElo "2487"]
[Annotator "TA"]
[PlyCount "111"]
[EventDate "2018.10.12"]
[EventType "team-tourn"]
[EventCountry "GRE"]
[SourceTitle "playchess.com"]
[Source "ChessBase"]
[SourceQuality "1"]
[WhiteTeam "KGSRL"]
[BlackTeam "Itaka"]

1. d4 Nf6 2. Nf3 g6 3. Bg5 Bg7 4. Nbd2 O-O 5. e3 d6 6. Bd3 Nbd7 7. O-O b6 8. a4 a5 9. e4 e5 10. Re1 Bb7 11. Bb5 c6 12. Bf1 Qc7 13. c3 h6 14. Bh4 Nh5 15. Nc4 Bf6 16. Bxf6 Ndxf6 17. dxe5 dxe5 18. Qd6 Qxd6 19. Nxd6 Ba6 20. Bxa6 Rxa6 21. Nxe5 b5 22. axb5 cxb5 23. Nxb5 Rb8 24. c4 Re6 25. Nf3 Rxe4 26. Rxe4 Nxe4 27. g3 Rc8 28. b3 Nc5 29. Nfd4 Nb7 30. Na7 Rc5 31. Nac6 Nf6 32. Kf1 Kg7 33. Re1 Kf8 34. Ne5 h5 35. f3 Rc8 36. Ke2 Nc5 37. Kd2 Ne8 38. Kc3 Nd6 39. Nec6 Ndb7 40. Ra1 Ra8 41. h4 f6 42. Kc2 Ra6 43. Re1 Rb6 44. Re3 g5 45. hxg5 fxg5 46. Re5 Nxb3 47. Rxg5 a4 48. Rxh5 N3c5 49. Rh8+ Kg7 50. Ra8 Nd6 51. Ra5 Ndb7 52. Rb5 Ra6 53. Kb1 Ra8 54. Ka2 Kf7 55. g4 Ke8 56. Ne6 1-0

[Event "34th European Club Cup 2018"]
[Site "Halkidiki"]
[Date "2018.10.16"]
[Round "5"]
[White "Huzman, Alexander"]
[Black "Sasikiran, Krishnan"]
[Result "1/2-1/2"]
[WhiteElo "2571"]
[BlackElo "2672"]
[Annotator "TA"]
[PlyCount "61"]
[EventDate "2018.10.12"]
[EventType "team-tourn"]
[EventCountry "GRE"]
[SourceTitle "playchess.com"]
[Source "ChessBase"]
[SourceQuality "1"]
[WhiteTeam "Beer Sheva"]
[BlackTeam "Novy Bor"]

1. d4 Nf6 2. Nf3 g6 3. c4 Bg7 4. g3 O-O 5. Bg2 c6 6. O-O d5 7. Qb3 dxc4 8. Qxc4 Bf5 9. Nc3 Nbd7 10. h3 Rc8 11. e3 Ne4 12. Qe2 Nxc3 13. bxc3 Be4 14. a4 c5 15. a5 cxd4 16. cxd4 Nc5 17. Ra3 Ne6 18. Ne1 Bxg2 19. Nxg2 Qd5 20. Bb2 Rc7 21. Rd1 Ng5 22. h4 Ne4 23. Nf4 Qf5 24. g4 Qd7 25. f3 Nd6 26. Rc3 Rxc3 27. Bxc3 Rc8 28. Bb4 Nb5 29. Qd3 Bf8 30. h5 g5 31. Ne2 1/2-1/2

[Event "34th European Club Cup 2018"]
[Site "Halkidiki"]
[Date "2018.10.16"]
[Round "5"]
[White "Yuffa, Daniil"]
[Black "Buscher, Michael"]
[Result "1-0"]
[WhiteElo "2563"]
[BlackElo "2393"]
[Annotator "TA"]
[PlyCount "65"]
[EventDate "2018.10.12"]
[EventType "team-tourn"]
[EventCountry "GRE"]
[SourceTitle "playchess.com"]
[Source "ChessBase"]
[SourceQuality "1"]
[WhiteTeam "Molodezhka"]
[BlackTeam "Echiquier Amaytois"]

1. e4 c5 2. Nf3 Nc6 3. d4 cxd4 4. Nxd4 Nf6 5. Nc3 d6 6. Bg5 e6 7. Qd2 a6 8. O-O-O Bd7 9. f3 Be7 10. Kb1 b5 11. Nxc6 Bxc6 12. h4 h6 13. Be3 h5 14. Bg5 Qb6 15. Ne2 O-O-O 16. Nd4 Bd7 17. Be3 Qb7 18. Nb3 d5 19. e5 Ne8 20. f4 g6 21. Rh3 Kb8 22. Bc5 Bxc5 23. Nxc5 Qa7 24. Qa5 Nc7 25. b4 Bc6 26. Rc3 Rc8 27. Kb2 Rhd8 28. a4 d4 29. Rcd3 bxa4 30. Rxd4 Rxd4 31. Rxd4 Nb5 32. Rd8 a3+ 33. Ka2 1-0

[Event "34th European Club Cup 2018"]
[Site "Halkidiki"]
[Date "2018.10.16"]
[Round "5"]
[White "Lomasov, Semyon"]
[Black "Noiroux, Kevin"]
[Result "1-0"]
[WhiteElo "2540"]
[BlackElo "2118"]
[Annotator "TA"]
[PlyCount "81"]
[EventDate "2018.10.12"]
[EventType "team-tourn"]
[EventCountry "GRE"]
[SourceTitle "playchess.com"]
[Source "ChessBase"]
[SourceQuality "1"]
[WhiteTeam "Molodezhka"]
[BlackTeam "Echiquier Amaytois"]

1. e4 c5 2. Nf3 e6 3. b3 a6 4. Bb2 d6 5. d4 cxd4 6. Nxd4 Nf6 7. Bd3 Be7 8. c4 g5 9. Nc3 Nbd7 10. Qe2 Qc7 11. O-O-O Rg8 12. Kb1 b6 13. Rhe1 Bb7 14. g3 g4 15. f4 gxf3 16. Nxf3 Ng4 17. Bc2 O-O-O 18. Rf1 Kb8 19. Nd4 Nge5 20. Rf2 Rg6 21. Rdf1 Ka8 22. Rxf7 Nxf7 23. Rxf7 Ne5 24. Rxh7 Rf8 25. Ba3 Qd8 26. Qh5 Bg5 27. Nce2 Bc8 28. Nc6 Nxc6 29. Qxg6 Rf1+ 30. Bc1 Be7 31. Qh5 Rf8 32. Nf4 Bd7 33. Ng6 Be8 34. Nxe7 Nxe7 35. Qg4 Rf7 36. Rxf7 Bxf7 37. Qg7 Qe8 38. h4 b5 39. cxb5 axb5 40. g4 d5 41. h5 1-0

[Event "34th European Club Cup 2018"]
[Site "Halkidiki"]
[Date "2018.10.16"]
[Round "5"]
[White "Chanda, Sandipan"]
[Black "Hansen, Torbjorn Ringdal"]
[Result "1-0"]
[WhiteElo "2535"]
[BlackElo "2423"]
[Annotator "TA"]
[PlyCount "73"]
[EventDate "2018.10.12"]
[EventType "team-tourn"]
[EventCountry "GRE"]
[SourceTitle "playchess.com"]
[Source "ChessBase"]
[SourceQuality "1"]
[WhiteTeam "Solingen"]
[BlackTeam "SK Oslo"]

1. d4 Nf6 2. c4 g6 3. Nc3 Bg7 4. e4 d6 5. Be2 O-O 6. Bg5 c5 7. d5 e6 8. Qc1 exd5 9. exd5 Qa5 10. Bd2 Qb6 11. Nf3 Bg4 12. O-O Re8 13. h3 Bf5 14. Nh4 Bd7 15. Bd3 Na6 16. a3 Re5 17. Nf3 Rh5 18. Ne2 Qb3 19. Bc3 Bf5 20. Bxf5 Rxf5 21. Nd2 Qa4 22. f4 Qe8 23. Qe1 Rh5 24. Ng3 Qxe1 25. Raxe1 Rh4 26. Nge4 Nxe4 27. Nxe4 Bxc3 28. bxc3 Rd8 29. Kh2 Kg7 30. g4 f6 31. Kg3 Rh6 32. g5 fxg5 33. fxg5 Rh5 34. h4 h6 35. Nf6 hxg5 36. Nxh5+ gxh5 37. Re7+ 1-0

[Event "34th European Club Cup 2018"]
[Site "Halkidiki"]
[Date "2018.10.16"]
[Round "5"]
[White "Werle, Jan"]
[Black "Sprenger, Jan Michael"]
[Result "0-1"]
[WhiteElo "2527"]
[BlackElo "2486"]
[Annotator "TA"]
[PlyCount "66"]
[EventDate "2018.10.12"]
[EventType "team-tourn"]
[EventCountry "GRE"]
[SourceTitle "playchess.com"]
[Source "ChessBase"]
[SourceQuality "1"]
[WhiteTeam "Bremen"]
[BlackTeam "Berlin"]

1. d4 Nf6 2. c4 e6 3. Nf3 b6 4. a3 Bb7 5. Bf4 c5 6. Nc3 cxd4 7. Nb5 d6 8. Qa4 Nc6 9. Nbxd4 Qd7 10. Nxc6 Bxc6 11. Qb3 e5 12. Be3 Be7 13. g3 O-O 14. Bg2 Rac8 15. O-O Ne4 16. a4 Nc5 17. Qa2 a5 18. b3 f5 19. Rad1 Qe6 20. Ne1 Bxg2 21. Nxg2 h5 22. Bxc5 bxc5 23. Ne3 f4 24. Nd5 Bg5 25. Kh1 fxg3 26. fxg3 Qh3 27. Qb1 h4 28. g4 Kh8 29. Rf5 g6 30. Rd3 Qxg4 31. Rf1 Qxe2 32. Rg1 Qe4+ 33. Rg2 Rf2 0-1